000 01355nam2a2200253 4500
001 RU\NLR\BIBL_A\022657778
005 20251130044448.0
010 _a5-89282-135-8
_9150
035 _a(NLR Aleph) 022657778
090 _a13466455
_c13466455
100 _a20251030d2001 u y0rusy50 ca
101 0 _arus
_aeng
102 _aRU
105 _aаh z 000yy
200 0 _aВып. 8
_fответственный редактор: Е. А. Резван
210 _d2001
215 _a224 с.
_cил., факс.
300 _aТекст рус., англ.
461 0 _1001RU\NLR\bibl\44974
_12001#$aЭлектронные библиотеки и базы данных по истории Евразии в средние века$e[Бюл.]$fРос. акад. наук, Ин-т востоковедения, О-во востоковедов$g[Отв. ред. А.А. Столяров]$vВыпуск 8
_9231215
_cМ.
_d1997
_fРос. акад. наук, Ин-т востоковедения, О-во востоковедов
_nИВ
_o[Бюл.]
_tЭлектронные библиотеки и базы данных по истории Евразии в средние века
_vВыпуск 8
702 1 _aРезван
_bЕ. А.
_f1957-
_gЕфим Анатольевич
_4340
942 _cBOOK
980 _aNB